| Tag |
First Indicator |
Second Indicator |
Subfields |
| LEADER |
00000cam a2200000Ii 4500 |
| 001 |
in00004094549 |
| 005 |
20211123151738.0 |
| 008 |
190227m20189999nyua 6 000 1 eng d |
| 020 |
|
|
|a 9781302911942
|q (v. 1 ;
|q paperback)
|
| 020 |
|
|
|a 1302911945
|q (v. 1 ;
|q paperback)
|
| 020 |
|
|
|a 9781302911959
|q (v. 2 ;
|q paperback)
|
| 020 |
|
|
|a 1302911953
|q (v. 2 ;
|q paperback)
|
| 020 |
|
|
|a 9781302920401
|q (v. 3 ;
|q paperback)
|
| 020 |
|
|
|a 1302914413
|q (v. 3 ;
|q paperback)
|
| 020 |
|
|
|a 9781302914417
|q (v. 4 ;
|q paperback)
|
| 020 |
|
|
|a 1302920405
|q (v. 4 ;
|q paperback)
|
| 020 |
|
|
|a 9781302920418
|q (v. 5 ;
|q paperback)
|
| 020 |
|
|
|a 1302920413
|q (v. 5 ;
|q paperback)
|
| 035 |
|
|
|a (OCoLC)on1088559748
|
| 040 |
|
|
|a GZK
|b eng
|e rda
|c GZK
|d GZK
|d UPM
|d OCLCO
|d TXB
|d OCLCO
|d CUY
|d OQ8
|d OCLCO
|d OCLCF
|d NDD
|d WAU
|d OCLCQ
|d OCLCO
|d ON3
|d UtOrBLW
|
| 049 |
|
|
|a TXAM
|
| 050 |
|
4 |
|a PN6728.C35
|b C63 2018
|
| 100 |
1 |
|
|a Coates, Ta-Nehisi,
|e author.
|0 http://id.loc.gov/authorities/names/n2008001084
|
| 245 |
1 |
0 |
|a Captain America /
|c Ta-Nehisi Coates, writer ; Leinil Francis Yu, penciler ; Gerry Alanguilan with Leinil Francis Yu, inkers ; VC's Joe Caramagna & Cory Petit, letterers ; Tom Brevoort, editor.
|
| 264 |
|
1 |
|a New York, NY :
|b Marvel Worldwide, Inc.,
|c [2018]-
|
| 264 |
|
4 |
|c ©2018-
|
| 300 |
|
|
|a volumes :
|b chiefly color illustrations ;
|c 26 cm
|
| 336 |
|
|
|a text
|b txt
|2 rdacontent
|
| 336 |
|
|
|a still image
|b sti
|2 rdacontent
|
| 337 |
|
|
|a unmediated
|b n
|2 rdamedia
|
| 338 |
|
|
|a volume
|b nc
|2 rdacarrier
|
| 386 |
|
|
|a Americans
|2 lcdgt
|
| 500 |
|
|
|a Volume 1 reprints Captain America (2018) #1-6 and Free Comic Book Day 2018 (Avengers/Captain America) #1. Volume 2 reprints Captain America (2018) #7-12.
|
| 520 |
|
|
|a Captain America has stood in stalwart defense of our country and its people. But in the aftermath of Hydra's takeover of the nation, Cap is a figure of controversy, carrying a Tarnished shied--and a new enemy is rising! Distrusted by a nation that seems to have lost faith in him and facing threats including the Taskmaster and an army of Nuke Super-soldiers, Steve Rogers is a man out of time--and out of options! Where can Captain America turn to for help stopping the influence-broker cabal known as the Power Elite? And which surprising villain is pulling the group's strings? Join acclaimed Black Panther scribe Ta-Nehisi Coates for the next chapter of Captain America's life!
|
| 505 |
0 |
0 |
|g v. 1.
|t Winter in America [#1-6] --
|g v. 2.
|t Captain of nothing [#7-12] --
|g v. 3.
|t The legend of Steve [#13-19] --
|g v. 4. All die young [#20-25] --
|g v. 5.
|t All die young pt.2 [#26-30]
|
| 600 |
0 |
0 |
|a Captain America
|c (Fictitious character)
|v Comic books, strips, etc.
|
| 650 |
|
0 |
|a Superheroes
|v Comic books, strips, etc.
|
| 650 |
|
0 |
|a Good and evil
|v Comic books, strips, etc.
|0 http://id.loc.gov/authorities/subjects/sh2009125988
|
| 600 |
0 |
7 |
|a Captain America
|c (Fictitious character)
|2 fast
|0 (OCoLC)fst01738633
|
| 650 |
|
7 |
|a Good and evil.
|2 fast
|0 (OCoLC)fst00944894
|
| 650 |
|
7 |
|a Science fiction comic books, strips, etc.
|2 fast
|0 (OCoLC)fst01108613
|
| 650 |
|
7 |
|a Superheroes.
|2 fast
|0 (OCoLC)fst01765254
|
| 655 |
|
7 |
|a Action and adventure comics.
|2 fast
|0 (OCoLC)fst01921573
|
| 655 |
|
7 |
|a Comic books, strips, etc.
|2 fast
|0 (OCoLC)fst01423722
|
| 655 |
|
7 |
|a Graphic novels.
|2 fast
|0 (OCoLC)fst01726630
|
| 655 |
|
7 |
|a Action and adventure comics.
|2 lcgft
|0 http://id.loc.gov/authorities/genreForms/gf2014026216
|
| 655 |
|
7 |
|a Superhero comics.
|2 lcgft
|0 http://id.loc.gov/authorities/genreForms/gf2014026562
|
| 655 |
|
7 |
|a Graphic novels.
|2 lcgft
|0 http://id.loc.gov/authorities/genreForms/gf2014026362
|
| 700 |
1 |
|
|a Yu, Leinil Francis,
|e artist.
|0 http://id.loc.gov/authorities/names/n2004046459
|
| 700 |
1 |
|
|a Alanguilan, Gerry,
|e artist.
|0 http://id.loc.gov/authorities/names/no2009080979
|
| 700 |
1 |
|
|a Caramagna, Joe,
|e letterer.
|0 http://id.loc.gov/authorities/names/no2008090143
|
| 700 |
1 |
|
|a Petit, Cory,
|e letterer.
|0 http://id.loc.gov/authorities/names/no2008155499
|
| 700 |
1 |
|
|a Brevoort, Tom,
|e editor.
|0 http://id.loc.gov/authorities/names/nb2005014080
|
| 710 |
2 |
|
|a Marvel Comics Group,
|e publisher.
|0 http://id.loc.gov/authorities/names/n80005697
|
| 948 |
|
|
|a cataloged
|b h
|c 2019/11/22
|d c
|e ceaton
|f 10:11:52 am
|
| 994 |
|
|
|a C0
|b TXA
|
| 999 |
f |
f |
|s 30d18851-0138-363f-92b5-5b85c90c842c
|i dd3fd241-12dc-30f7-aaa9-c0073eba520f
|t 0
|
| 952 |
f |
f |
|p normal
|a Texas A&M University
|b College Station
|c Sterling C. Evans Library
|d Evans: Library Stacks
|t 0
|e PN6728.C35 C63 2018
|h Library of Congress classification
|i unmediated -- volume
|k v.1
|m A14851014275
|
| 952 |
f |
f |
|p normal
|a Texas A&M University
|b College Station
|c Sterling C. Evans Library
|d Evans: Library Stacks
|t 0
|e PN6728.C35 C63 2018
|h Library of Congress classification
|i unmediated -- volume
|k v.3
|m A14851203803
|
| 952 |
f |
f |
|p normal
|a Texas A&M University
|b College Station
|c Sterling C. Evans Library
|d Evans: Library Stacks
|t 0
|e PN6728.C35 C63 2018
|h Library of Congress classification
|i unmediated -- volume
|k v.4
|m A14851203829
|
| 952 |
f |
f |
|p normal
|a Texas A&M University
|b College Station
|c Sterling C. Evans Library
|d Evans: Library Stacks
|t 0
|e PN6728.C35 C63 2018
|h Library of Congress classification
|i unmediated -- volume
|k v.5
|m A14851259698
|
| 952 |
f |
f |
|p normal
|a Texas A&M University
|b College Station
|c Sterling C. Evans Library
|d Evans: Library Stacks
|t 0
|e PN6728.C35 C63 2018
|h Library of Congress classification
|i unmediated -- volume
|k v.2
|m A14851013061
|
| 998 |
f |
f |
|a PN6728.C35 C63 2018
|s v.1-5
|t 0
|l Evans: Library Stacks
|